| 000 | 00362nam a2200157Ia 4500 | ||
|---|---|---|---|
| 008 | 230524s9999 xx 000 0 und d | ||
| 082 |
_a4.6 _bCHA |
||
| 100 | _aS.A.Chunawalla | ||
| 245 | 0 | _aProduct Management | |
| 250 | _a7TH | ||
| 260 |
_aMUMBAI _bHimalaya _c2010 |
||
| 300 | _aX;339 | ||
| 500 | _aQuantity Number: 5 | ||
| 650 | _aManagement | ||
| 942 | _cBK | ||
| 999 |
_c46543 _d46543 |
||